000 00518nam a2200181Ia 4500
005 20250508162325.0
008 008 250505s9999 xx 000 0 eng d
037 _aTextual
040 _aFEDL
_beng
_cFEDL
041 _aeng
_2eng
084 _a294.5, SHO
_qFEDL
100 _aShourie Arun
245 0 _aHinduism : Essence and consequence
260 _aGhaziabad, India
_bVikas Publishing House Private Limited
_c1979
300 _a414p.
942 _cTEXL
_h294.5, SHO
999 _c1375838
_d1375838